01132ngm a2200325 4500003000400000005001600004007000300020008004100023010003800064024002100102035002000123035002000143040001300163082001500176245005500191260002800246300005000274440003300324500014000357538004900497538012500546650001900671700001900690700000900709700001600718700001900734700001500753700002000768700001800788dpl2008111801571.0ta||||||sp199 xxu|||||c ||| 00| 0 ng d  aDVD-001135-1137 & DVD-005593-5597 aDHIF1188Sc45.00 aDVD-001135-1137 aDVD-005593-5597 aDPLcDPL aDVD / AWAM aAwamcB. R. Films Presentsh[videorecording] DVD/ bMoserbaer Entertainment a1 videodisc DVD;bsd., col. ;c4 3/4 in.fDVD aMoserbaer Home Entertainment aMoserbaer India Ltd. has obtained the necessary licence/conssent from the owner of the copyright in the wroks for making this DVD Film. aDolby Digital 5.1 - Hindi Subtitles: English aThis DVD can be played back on DVD Players, multimedia systems & PC with MPEG card interactive with version 2.0 players. aMotion Picture aChopra, B. R.  aRavi aAshok Kumar aKhanna, Rajesh aRaj Babbar aDhillon, Poonam aPatil, Samita